[Event "BEL-chT 2324"]
[Site "Belgium"]
[Date "2024.03.24"]
[Round "10.3"]
[White "Balduan, Markus"]
[Black "Maerevoet, Sim"]
[Result "0-1"]
[WhiteElo "2289"]
[BlackElo "2437"]
[PlyCount "70"]
[EventDate "2023.09.24"]
[EventType "team-tourn"]
[EventRounds "11"]
[EventCountry "BEL"]
[SourceTitle "EXT 2025"]
[Source "ChessBase"]
[SourceDate "2024.10.14"]
[SourceVersion "1"]
[SourceVersionDate "2024.10.14"]
[SourceQuality "1"]
[WhiteTeam "Tal"]
[BlackTeam "KBSK Brugge"]
[WhiteTeamCountry "BEL"]
[BlackTeamCountry "BEL"]

1. c4 Nf6 2. Nc3 e5 3. a3 h6 4. g3 c6 5. Nf3 e4 6. Nd4 d5 7. cxd5 Bc5 8. Nb3 Bb6 9. Bg2 cxd5 10. d3 Qe7 11. 0-0 Nc6 12. Na4 e3 13. Nxb6 exf2+ 14. Rxf2 axb6 15. e4 dxe4 16. dxe4 0-0 17. Qc2 Be6 18. Bd2 Ng4 19. Rf4 Rfd8 20. Rxg4 Bxg4 21. Be3 Qe6 22. Rf1 Rac8 23. Nc1 Ne5 24. Qf2 Rd1 25. Rxd1 Bxd1 26. Qf1 Bh5 27. Qf5 Ng4 28. Qxe6 fxe6 29. Bh3 Rc2 30. Bxg4 Bxg4 31. Nd3 b5 32. Ne5 Bh3 33. Bd4 Rg2+ 34. Kh1 Rd2 35. Ba7 Rxb2 0-1

[Event "NED-chT 2324"]
[Site "Netherlands"]
[Date "2024.03.02"]
[Round "7.7"]
[White "Broekmeulen, Jasper"]
[Black "Maerevoet, Sim"]
[Result "1/2-1/2"]
[WhiteElo "2386"]
[BlackElo "2433"]
[PlyCount "82"]
[EventDate "2023.09.16"]
[EventType "team-tourn"]
[EventRounds "9"]
[EventCountry "NED"]
[SourceTitle "EXT 2025"]
[Source "ChessBase"]
[SourceDate "2024.10.14"]
[SourceVersion "1"]
[SourceVersionDate "2024.10.14"]
[SourceQuality "1"]
[WhiteTeam "Den Bosch HMC"]
[BlackTeam "Charlois Europoort"]
[WhiteTeamCountry "NED"]
[BlackTeamCountry "NED"]

1. e4 c5 2. Nf3 e6 3. b3 b6 4. d4 cxd4 5. Nxd4 Bb7 6. Nd2 Nf6 7. Bd3 Na6 8. e5 Nd5 9. 0-0 Nc5 10. Nc4 a6 11. Re1 b5 12. Nd6+ Bxd6 13. exd6 Qf6 14. Bf1 b4 15. a3 Ne4 16. Rxe4 Nc3 17. Rf4 Nxd1 18. Rxf6 gxf6 19. axb4 Nc3 20. Bb2 Ne4 21. b5 a5 22. c4 0-0 23. f3 Nd2 24. Bd3 a4 25. bxa4 Rfc8 26. Rc1 Rxa4 27. c5 Rxd4 28. Bxd4 Nb3 29. c6 dxc6 30. d7 Nxc1 31. dxc8Q+ Bxc8 32. Bc4 cxb5 33. Bxb5 e5 34. Bb2 Nb3 35. f4 Nd4 36. Bd3 Kg7 37. Kf2 Bb7 38. g3 Nf3 39. Be2 Nd4 40. Bd3 Nf3 41. Be2 Nd4 1/2-1/2